000 00766cam a22002653a 4500
001 24093
003 PGUSA
005 20140828083520.0
008 071231s2007||||xxu|||||s|||||000 1 eng d
040 _aPGUSA
_beng
042 _adc
050 4 _aPS
100 1 _aDixon, Thomas,
_d1864-1946
245 1 4 _aThe Root of Evil
_h[electronic resource] /
_cThomas Dixon
260 _bProject Gutenberg,
_c2007
506 _aPublic domain in the USA.
516 _aElectronic text
653 _aTriangles (Interpersonal relations) -- Fiction
653 _aLegal stories
653 _aChemists -- Fiction
653 _aCapitalists and financiers -- Fiction
830 0 _aProject Gutenberg
_v24093
856 4 0 _uhttp://www.gutenberg.org/ebooks/24093
942 _cEB
999 _c253348
_d253348